000 02790cas a2200661 a 4500
001 11263782
003 OSt
005 20230606142124.0
008 820512c197u9999ohufr p b 0 a0eng c
010 _a 82646544
022 0 _a0735-648X
_l0735-648X
_21
035 _a(OCoLC)ocm08420063
037 _bAnderson Publishing Co., P.O. Box 1576, Cincinnati, OH 45201
040 _aUIU
_beng
_cUIU
_dDLC
_dNSD
_dNST
_dDLC
_dNST
_dNSD
_dNST
_dOCL
_dNST
_dIUL
_dNST
_dIUL
_dOCLCQ
_dOSU
_dOCLCQ
_dVRC
_dOCLCQ
_dOCLCF
_dOCLCO
_dDLC
_dOCLCO
_dGILDS
_dOCLCO
_dOCLCQ
042 _apcc
_ansdp
043 _an-us---
050 0 0 _aHV6201
_b.J68
082 0 _a364/.0519
_bMCJ
210 0 _aJ. crime justice
222 0 _aJournal of crime & justice
245 0 0 _aJournal of crime & justice /
_csponsored by the Society of Police & Criminal Psychology.
246 3 _aJournal of crime and justice
246 1 _iAt head of title:
_aJC & J
_f<1985-19>
246 3 0 _aCrime & justice
246 1 3 _aCrime and justice
_f<1981>
260 _aJonesboro, Tenn. :
_bPilgrimage, Inc.
300 _avolumes ;
_c22 cm
310 _aSemiannual,
_b1987-
321 _aAnnual,
_b-1986
336 _atext
_btxt
_2rdacontent
337 _aunmediated
_bn
_2rdamedia
338 _avolume
_bnc
_2rdacarrier
440 _n4
_vXXXVIII
550 _aVolumes for 1985- sponsored by: Midwestern Criminal Justice Association.
588 _aDescription based on: Vol. 4, published in 1981.
588 _aLatest issue consulted: Vol. 14, no. 1, published in 1991 (surrogate).
590 _aSERBIB/SERLOC merged record
650 0 _aCrime
_zUnited States
_vPeriodicals.
650 0 _aCriminal justice, Administration of
_zUnited States
_vPeriodicals.
650 0 _aPolice
_zUnited States
_vPeriodicals.
650 0 _aCriminal psychology
_vPeriodicals.
650 7 _aCrime.
_2fast
_0(OCoLC)fst00882984
650 7 _aCriminal justice, Administration of.
_2fast
_0(OCoLC)fst00883246
650 7 _aCriminal psychology.
_2fast
_0(OCoLC)fst00883467
650 7 _aPolice.
_2fast
_0(OCoLC)fst01068398
651 7 _aUnited States.
_2fast
_0(OCoLC)fst01204155
655 7 _aPeriodicals.
_2fast
_0(OCoLC)fst01411641
655 7 _aPeriodicals.
_2lcgft
710 2 _aSociety of Police and Criminal Psychology.
710 2 _aMidwestern Criminal Justice Association (U.S.)
776 0 8 _iOnline version:
_tJournal of crime & justice
_w(OCoLC)891437067
776 0 8 _iOnline version:
_tJournal of crime and justice (Online)
_x2158-9119
_w(DLC) 2010203498
_w(OCoLC)690108364
906 _a7
_bcbc
_cserials
_d3
_encip
_f19
_gn-oclcserc
942 _2ddc
_cBK
999 _c683
_d683